| 000 -CABECERA |
| fixed length control field |
02522nam a22002417a 4500 |
| 003 - IDENTIFICADOR DEL NÚMERO DE CONTROL |
| control field |
AR-CdUCM |
| 008 - DATOS DE LONGITUD FIJA--INFORMACIÓN GENERAL |
| fixed length control field |
190425b ||||| |||| 00| 0 spa d |
| 040 ## - FUENTE DE LA CATALOGACIÓN |
| Agencia/entidad que catalogó originalmente la obra |
MUNICIPALIDAD PROVINCIAL DEL CUSCO |
| Entidad que transcribió la catalogación |
BIBLIOTECA MUNICIPAL DEL CUSCO |
| 082 ## - NÚMERO DE LA CLASIFICACIÓN DECIMAL DEWEY |
| No. de Clasificación |
Rev.AHC/N°1/1950 |
| 110 ## - ENTRADA PRINCIPAL--NOMBRE DE ENTIDAD CORPORATIVA |
| Nombre de la institución, jurisdicción como entrada principal |
Archivo Regional del Cusco |
| 9 (RLIN) |
46600 |
| 245 ## - MENCIÓN DE TÍTULO |
| Título |
Revista del Archivo Histórico del Cuzco / |
| Mención de responsabilidad |
Universidad Nacional del Cuzco |
| 260 ## - PUBLICACIÓN, DISTRIBUCIÓN, ETC. |
| Lugar de publicación, distribución, etc. |
Cusco : |
| Nombre de la editorial, distribuidor, etc. |
H.G. Rozas, |
| Fecha de publicación, distribución, etc. |
1950. |
| 300 ## - DESCRIPCIÓN FÍSICA |
| Nº de Páginas Extensión |
434 páginas. : |
| Otros detalles físicos |
ilustraciones ; |
| Dimensiones |
21 cm. |
| 440 ## - MENCIÓN DE SERIE/PUNTO DE ACCESO ADICIONAL--TÍTULO |
| Título |
Revista del Archivo Histórico. |
| Número de la parte/sección de una obra |
Año I, 1950, N°1. |
| 9 (RLIN) |
46726 |
| 505 ## - NOTA DE CONTENIDO CON FORMATO |
| Nota de contenido formateada |
Contenido: Inauguración del Archivo Histórico. -- Resolución Suprema que ordena la constitución del archivo Histórico del Cuzco. -- Acta de fundación del archivo. -- Índice de Bulas breves y edictos pontificios. -- Inventario cronológica del primer legajo de cedulas dirigidas por los reyes de España a los dominios de las américas en la segunda mitad del siglo XVIII. -- Comunicaciones originales del Virrey don José de la Serna. -- Documentos sobre el libertador. -- Relación de los asensos y empleos que el señor libertador ha proveído en esta capital del Cuzco. -- Entrada del libertador al Cuzco, recepción y fiestas organizadas en su honor. -- Manco Cápac al Libertador. -- Programa de la segunda corrida de toros. -- Programa de la tercera corrida de toros. -- Catalogo e índice de los documentos relativos al Mariscal Antonio José de Sucre, Generales Rudecindo Alvarado, Pedro Antonio de Olañeta y otros. -- Documentos sobre Mariscal Gamarra. -- Entrada al Cuzco del General Gamarra y el ejercito Libertador. -- Expediente de la real audiencia del Cuzco. -- Documentos sobre la rebelión del inca José Gabriel Tupac Amaru. -- Indios de sangre real. -- Relación cronológica de los caciques e indios nobles que han tenido sus hijos en el colegio Real San Francisco de Borja. -- Un documento sobre el prócer José Gabriel Aguilar vive la patria. -- El reparta de los tesoros del Cuzco Rafael Loredo. -- Relación de repartimientos que existían en el Cuzco al finalizar la rebelión de Gonzalo Pizarro. -- Inventario de la Iglesia de la Compañía del Cuzco, año de 1767. -- Quispe Tito. Jorge Cornejo Bouroncle. -- Archivo del Colegio Nacional de Ciencias. |
| 650 ## - PUNTO DE ACCESO ADICIONAL DE MATERIA--TÉRMINO DE MATERIA |
| Descriptor |
Historia del Cusco |
| 9 (RLIN) |
1714 |
| 650 ## - PUNTO DE ACCESO ADICIONAL DE MATERIA--TÉRMINO DE MATERIA |
| Descriptor |
Fuentes escritas |
| 9 (RLIN) |
2045 |
| 650 ## - PUNTO DE ACCESO ADICIONAL DE MATERIA--TÉRMINO DE MATERIA |
| Descriptor |
Archivos históricos |
| 9 (RLIN) |
44088 |
| 650 ## - PUNTO DE ACCESO ADICIONAL DE MATERIA--TÉRMINO DE MATERIA |
| Descriptor |
Simón Bolívar |
| 9 (RLIN) |
1694 |
| 700 ## - PUNTO DE ACCESO ADICIONAL--NOMBRE DE PERSONA |
| Nombre Personal |
Cornejo Bouroncle, Jorge |
| 9 (RLIN) |
15278 |
| 942 ## - ELEMENTOS DE PUNTO DE ACCESO ADICIONAL (KOHA) |
| Fuente de clasificación |
|
| Tipo de item |
Revistas cusqueñas |
| 945 ## - PROCESAMIENTO DE INFORMACIÓN LOCAL (OCLC) |
| Catalogador |
rac |